Hoàn thiện quy định của pháp luật hình sự về tội trộm cắp tài sản /

সংরক্ষণ করুন:
গ্রন্থ-পঞ্জীর বিবরন
প্রধান লেখক: Đỗ Lường Thiện.
বিন্যাস: প্রবন্ধ
ভাষা:Vietnamese
বিষয়গুলি:
ট্যাগগুলো: ট্যাগ যুক্ত করুন
কোনো ট্যাগ নেই, প্রথমজন হিসাবে ট্যাগ করুন!
Thư viện lưu trữ: Thư viện Trường Đại học Đà Lạt
LEADER 00750nam a2200241 4500
001 DLU190190264
005 ##20190402
040 # # |a DLU  |b vie 
041 # # |a vie 
044 # # |a vn 
100 # # |a Đỗ Lường Thiện. 
245 # # |a Hoàn thiện quy định của pháp luật hình sự về tội trộm cắp tài sản /  |c Đỗ Lường Thiện. 
653 # # |a Bộ luật hình sự 
653 # # |a Trộm cắp tài sản 
773 # # |t Nghề luật  |g Số 4, 2017, tr. 71-73 
920 # # |a Phòng Tạp chí -- Trung tâm Thông tin - Thư viện Trường Đại học Đà Lạt 
900 # # |a True 
911 # # |a Nguyễn Thị Thu Phương 
925 # # |a G 
926 # # |a A 
927 # # |a BB 
980 # # |a Thư viện Trường Đại học Đà Lạt